عرض عادي عرض مارك
  • Streeter, James

مدخل إسم شخص

عدد التسجيلات المستخدمة في: 2

001 - رقم الضبط

  • حقل الضبط: 4682

003 - معرف رقم الضبط

  • حقل الضبط: OSt

005 - تاريخ ووقت أخر عملية

  • حقل الضبط: 20110920204611.0

008 - عناصر بيانات ثابتة الطول

  • حقل تحكم ثابت الطول: 110920|||a|||||| | ||| d

040 ## - مصدر الفهرسة

  • هيئة الفهرسة الأصلية: OSt
  • وكالة الكتابة: OSt

100 ## - مدخل -- أسم شخص

  • إسم شخص: Streeter, James
  • الشكل الكامل للاسم: (James A.).
  • عنوان العمل: Intermediate algebra.

670 ## - بيانات المصدر موجوده

  • الاستشهاد بالمصدر: Work cat.: (OSt)880: Intermediate algebra., c2001.